000 00576nam a2200181Ia 4500
008 151018s9999 xx 000 0 und d
082 _bRBASDV25989
_a891.463
100 _aव पु बांदोडकर
245 _aभूमिका
250 _b1
260 _bबांदोडकर पब्लिशिंग कंपनी मुंबई
_c1990
300 _a214
600 _aव पु बांदोडकर
630 _aभूमिका
700 _aव पु बांदोडकर
730 _aभूमिका
942 _cBOOK
999 _c1025598
_d1025595